Machthaber der Sowjetunion - Statistiken

Allgemein
  • Dieses Quiz wurde 207 mal gespielt
  • Das Durchschnittsergebnis liegt bei 4 aus 7
Antwortstatistiken
Bildquiz Hint Antwort % Korrekt
1924 - 1953 Josef Wissarionowitsch Stalin
99%
1922 - 1924 Wladimir Iljitsch Lenin
97%
1985 - 1991 Michail Sergejewitsch Gorbatschow
89%
1964 - 1982 Leonid Iljitsch Breschnew
57%
1953 - 1964 Nikita Sergejewitsch Chruschtschow
48%
1982 - 1984 Juri Wladimirowitsch Andropow
27%
1984 - 1985 Konstantin Ustinowitsch Tschernenko
18%
Keine übereinstimmenden Quizze gefunden
Verteilung der Resultate
Anzahl Personen mit jedem Resultat
Perzentil nach korrekt beantworteten Fragen
Ihre Resultats-Entwicklung
Sie haben dieses Quiz noch nicht gespielt